Score 0/300 Timer 08:00
0 Plays Today
% Correct
the
98.2%
the
98.2%
the
98.2%
the
98.2%
the
98.2%
the
98.2%
the
98.2%
the
98.2%
the
98.2%
the
98.2%
the
98.2%
the
98.2%
the
98.2%
the
98.2%
the
98.2%
the
98.2%
the
98.2%
the
98.2%
The
98.2%
a
93.6%
a
93.6%
a
93.6%
of
92.3%
of
92.3%
of
92.3%
of
92.3%
of
92.3%
of
92.3%
of
92.3%
of
92.3%
of
92.3%
of
92.3%
of
92.3%
of
92.3%
of
92.3%
in
90.9%
in
90.9%
to
86.6%
to
86.6%
to
86.6%
to
86.6%
to
86.6%
to
86.6%
to
86.6%
to
86.6%
to
86.6%
to
86.6%
to
86.6%
to
86.6%
to
86.6%
to
86.6%
to
86.6%
to
86.6%
to
86.6%
to
86.6%
to
86.6%
people
86%
People
86%
We
85.6%
be
85%
be
85%
and
80.6%
and
80.5%
and
80.5%
and
80.5%
and
80.5%
and
80.5%
and
80.5%
and
80.5%
and
80.5%
and
80.5%
and
80.5%
and
80.5%
for
78.7%
for
78.7%
for
78.7%
When
75%
it
75%
it
75%
it,
75%
when
75%
it
75%
it
75%
that
72%
that
72%
that
72%
that
72%
- That
72%
That
72%
that
72%
that
72%
are
71.9%
are
71.9%
are
71.9%
are
71.9%
are
71.9%
are
71.9%
are
71.9%
Liberty
68%
Right
67.9%
% Correct
right
67.9%
right,
67.9%
all
67.9%
all
67.9%
human
67%
Course
66.7%
men
66.2%
Men,
66.2%
these
66.2%
these
66.2%
these
66.2%
these
66.2%
these
66.2%
equal
65.2%
equal,
65.2%
Life,
64.8%
on
64.7%
Happiness.
64.5%
Happiness.
64.5%
pursuit
64.1%
events
63.4%
becomes
62%
becomes
62%
with
61.9%
with
61.9%
Rights,
61.5%
rights,
61.5%
created
60.1%
they
60%
they
60%
they
60%
necessary
59.3%
by
59.1%
by
59.1%
one
58.3%
hold
57.1%
truths
57%
is
56.8%
is
56.8%
is
56.8%
is
56.8%
their
56.6%
their
56.6%
their
56.6%
their
56.6%
their
56.6%
their
56.6%
their
56.6%
self-evident,
55.4%
God
54.4%
among
51.2%
among
51.2%
among
51.2%
have
51.1%
them
50.3%
them,
50.3%
them
50.3%
them
50.3%
them
50.3%
them
50.3%
certain
49.6%
as
48.9%
Government
48.8%
Government,
48.8%
Government,
48.8%
Government.
48.8%
unalienable
48.8%
Creator
48.2%
endowed
47.5%
which
47.1%
which
47.1%
which
47.1%
which
47.1%
which
47.1%
or
46.4%
from
44.9%
not
42.5%
dissolve
40.7%
just
40.5%
declare
40.4%
another
39.3%
should
38.5%
should
38.5%
political
37.6%
will
37.3%
bands
37.2%
Laws
37.1%
Nature
36.6%
powers
36.1%
powers
36.1%
powers
36.1%
form,
35.7%
Form
35.7%
earth,
35.1%
separate
32.9%
connected
32.8%
Governments
32.3%
Governments
32.3%
Nature's
32%
mankind
31.9%
% Correct
mankind
31.9%
secure
31.4%
shall
31.4%
entitle
30.9%
any
30.6%
governed, -
30.5%
new
29.7%
new
29.7%
assume
29.5%
respect
29.5%
has
29.3%
But
29.2%
station
29.1%
causes
29%
causes;
29%
decent
28.3%
its
28%
its
28%
consent
27.9%
separation.
27.7%
institute
27.4%
impel
27.3%
opinions
27.1%
such
26.9%
such
26.9%
such
26.9%
- Such
26.9%
such
26.9%
instituted
26.7%
abolish
26.6%
duty,
26.4%
Colonies;
26.1%
more
25.8%
off
25.7%
deriving
24.9%
alter
24.5%
alter
24.5%
requires
24.2%
ends,
23.9%
under
23.8%
history...
23.4%
been
23.3%
whenever
22.7%
destructive
22.4%
than
22%
long
21.9%
long
21.9%
most
21.6%
light
19.8%
throw
19.5%
seem
19.2%
established
19.2%
Safety
18.9%
suffer,
18.6%
now
18.6%
likely
18%
principles
17.9%
foundation
17.4%
Prudence,
17.4%
transient
17.3%
hath
17%
laying
16.6%
indeed,
16.2%
Despotism,
16%
shewn
16%
train
15.9%
security.
15.7%
abuses
15.6%
dictate
15.6%
themselves
15.5%
future
15.3%
experience
15.2%
usurpations,
15.2%
changed
15.2%
evils
15.1%
forms
15.1%
while
15%
organizing
14.6%
sufferable
14.5%
accustomed.
13.8%
effect
13.7%
same
13.6%
provide
13.3%
absolute
13.1%
disposed
12.8%
abolishing
12.8%
Guards
12.6%
sufferance
12.6%
accordingly
12.2%
patient
12.1%
Object
11.3%
Systems
10.9%
former
10.9%
evinces
10.8%
pursuing
10.7%
design
10.7%
reduce
10.5%
invariably
10.2%
necessity
9.6%
constrains
8.1%

You're not logged in!

Compare scores with friends on all Sporcle quizzes.
OR
Log In

Sporcle TV

Today on Sporcle TV


Watch our educational content, quiz creation guides, and fun videos on Sporcle TV.

Show Comments

Extras

Top Quizzes Today


Score Distribution

Paid Content

Your Account Isn't Verified!

In order to create a playlist on Sporcle, you need to verify the email address you used during registration. Go to your Sporcle Settings to finish the process.

Report this User

Report this user for behavior that violates our Community Guidelines.

Details: